[Event "Rheinland Pfalz op Seniors 13th"]
[Site "Neustadt an der Weinstrasse"]
[Date "2015.07.16"]
[Round "7"]
[White "Minz, Michail"]
[Black "Kargoll, Peter"]
[Result "1/2-1/2"]
[WhiteElo "2172"]
[BlackElo "2185"]
[PlyCount "98"]
[EventDate "2015.07.10"]
[EventType "swiss"]
[EventRounds "7"]
[EventCountry "GER"]
[SourceTitle "EXT 2019"]
[Source "ChessBase"]
[SourceDate "2018.10.10"]
[SourceVersion "1"]
[SourceVersionDate "2018.10.10"]
[SourceQuality "1"]

1. e4 e6 2. d4 d5 3. exd5 exd5 4. Bd3 c5 5. dxc5 Bxc5 6. Nc3 Ne7 7. Nge2 Bg4 8. 0-0 Nbc6 9. Bf4 0-0 10. Na4 Bd6 11. Bxd6 Qxd6 12. Qd2 Rad8 13. Nac3 Ne5 14. Nd4 Nxd3 15. Qxd3 Nc6 16. Nce2 Rfe8 17. f3 Bh5 18. c3 Bg6 19. Qd2 Qc5 20. Kh1 Ne5 21. Nf4 Nc4 22. Qf2 a6 23. Rfe1 Qd6 24. Nxg6 Qxg6 25. b3 Ne5 26. Re3 Nd3 27. Qd2 Rxe3 28. Qxe3 Kf8 29. Rd1 Re8 30. Qd2 Nc5 31. Kg1 Nd7 32. Qf4 Qb6 33. Qf5 Nf6 34. g4 h6 35. Qf4 Qc5 36. Qd2 Qe7 37. Kf1 Qc7 38. Nf5 Re5 39. Kg2 Qc6 40. Nd4 Qe8 41. Kf2 Qd7 42. Re1 Rxe1 43. Kxe1 Qc7 44. Kd1 Qe5 45. Kc2 Ne8 46. Qe2 Qxe2+ 47. Nxe2 Ke7 48. Kd3 Kd6 49. Nd4 g6 1/2-1/2

[Event "Rheinland Pfalz op Seniors 13th"]
[Site "Neustadt an der Weinstrasse"]
[Date "2015.07.15"]
[Round "6"]
[White "Hassenrueck, Helmut"]
[Black "Minz, Michail"]
[Result "1/2-1/2"]
[WhiteElo "2240"]
[BlackElo "2172"]
[PlyCount "73"]
[EventDate "2015.07.10"]
[EventType "swiss"]
[EventRounds "7"]
[EventCountry "GER"]
[SourceTitle "EXT 2019"]
[Source "ChessBase"]
[SourceDate "2018.10.10"]
[SourceVersion "1"]
[SourceVersionDate "2018.10.10"]
[SourceQuality "1"]

1. d4 d5 2. Nf3 Nf6 3. c4 c6 4. Nc3 g6 5. cxd5 cxd5 6. Bf4 Nc6 7. e3 Nh5 8. Bg5 h6 9. Bh4 g5 10. Nd2 Ng7 11. Bg3 Nf5 12. Bd3 Bg7 13. 0-0 Nxg3 14. fxg3 Be6 15. Rc1 Rc8 16. Nb3 Qd6 17. Nb5 Qb8 18. Nc5 Bf6 19. Nxe6 fxe6 20. Qh5+ Kd7 21. e4 Nxd4 22. exd5 Rxc1 23. Rxc1 Qe5 24. dxe6+ Nxe6 25. Qf3 Nc5 26. Bg6 a6 27. b4 axb5 28. bxc5 Kc7 29. c6 b6 30. Qa3 Qd4+ 31. Kh1 Qa4 32. Qd3 Qd4 33. Qxb5 Rd8 34. h3 Qb2 35. Qf1 Qxa2 36. Rc2 Qa1 37. Rc1 1/2-1/2

[Event "GER-chA Seniors 26th"]
[Site "Bad Neuenahr"]
[Date "2014.08.10"]
[Round "6"]
[White "Minz, Michail"]
[Black "Hein, Manfred"]
[Result "1-0"]
[WhiteElo "2095"]
[BlackElo "2075"]
[PlyCount "133"]
[EventDate "2014.08.05"]
[EventType "swiss"]
[EventRounds "9"]
[EventCountry "GER"]
[SourceTitle "EXT 2018"]
[Source "ChessBase"]
[SourceDate "2017.10.13"]
[SourceVersion "1"]
[SourceVersionDate "2017.10.13"]
[SourceQuality "1"]

1. e4 e5 2. Nc3 Nc6 3. g3 Nf6 4. Bg2 d6 5. d3 Be7 6. h3 Be6 7. Nf3 h6 8. 0-0 Qd7 9. Kh2 g5 10. Ng1 0-0-0 11. Be3 d5 12. exd5 Nxd5 13. Nxd5 Bxd5 14. Bxd5 Qxd5 15. Qg4+ Qd7 16. Qxd7+ Rxd7 17. g4 Nb4 18. Rfc1 a6 19. Kg2 Rf8 20. a3 Nd5 21. Nf3 f6 22. Rh1 Rg8 23. Kf1 h5 24. gxh5 Rh8 25. Ke2 Rxh5 26. Rag1 Rd8 27. Rg2 Rdh8 28. Ng1 c5 29. c4 Nc7 30. Kf3 Kd7 31. Ke2 Ne6 32. f3 a5 33. a4 b6 34. Kf1 Ng7 35. Re2 Nf5 36. Bf2 Bd6 37. Kg2 Ne7 38. Re1 Nc6 39. Ne2 Nb4 40. Rd1 Rc8 41. Nc3 Ke6 42. Ne2 Be7 43. Be1 Nc2 44. Bd2 Rd8 45. Rc1 Nd4 46. Nxd4+ Rxd4 47. Rc3 Bd8 48. Be3 Rd6 49. Kf2 Bc7 50. Kg2 Bd8 51. Kf2 f5 52. Kg2 Rh7 53. Rd1 e4 54. fxe4 fxe4 55. Bf2 Rxd3 56. Rcxd3 exd3 57. Kf3 Bf6 58. Ke4 Bxb2 59. Be3 Bf6 60. Rxd3 Rh8 61. Bf2 Bd4 62. Be1 Rh7 63. Rf3 Be5 64. Bf2 Rd7 65. Be3 Bf6 66. Rg3 Be7 67. Rg4 1-0

[Event "GER-chA Seniors 26th"]
[Site "Bad Neuenahr"]
[Date "2014.08.08"]
[Round "4"]
[White "Minz, Michail"]
[Black "Rahls, Peter"]
[Result "1/2-1/2"]
[WhiteElo "2095"]
[BlackElo "2239"]
[PlyCount "152"]
[EventDate "2014.08.05"]
[EventType "swiss"]
[EventRounds "9"]
[EventCountry "GER"]
[SourceTitle "EXT 2018"]
[Source "ChessBase"]
[SourceDate "2017.10.13"]
[SourceVersion "1"]
[SourceVersionDate "2017.10.13"]
[SourceQuality "1"]

1. e4 c5 2. Nc3 e6 3. g3 d5 4. Bg2 d4 5. Nb1 Nc6 6. d3 e5 7. Nf3 Bd6 8. Nbd2 f6 9. Nc4 Nge7 10. Nxd6+ Qxd6 11. Nd2 Be6 12. b3 Qd7 13. a4 b6 14. 0-0 0-0 15. Nc4 Kh8 16. f4 exf4 17. gxf4 f5 18. exf5 Bd5 19. Bh3 Nxf5 20. Ne5 Qd6 21. Qh5 g6 22. Qd1 Rae8 23. Nxc6 Bxc6 24. Bg2 Bxg2 25. Kxg2 Ne3+ 26. Bxe3 dxe3 27. Qe2 Rxf4 28. Rxf4 Qxf4 29. Rf1 Qg5+ 30. Kh1 Qd5+ 31. Kg1 Re5 32. Rf3 Qd4 33. Kf1 Kg7 34. Kg1 Rg5+ 35. Rg3 Rf5 36. c3 Qxc3 37. Rxe3 Qd4 38. Kg2 Qd5+ 39. Kg1 Rg5+ 40. Rg3 Re5 41. Qb2 Kg8 42. Qc3 Qe6 43. Qc4 Kg7 44. Qxe6 Rxe6 45. Kf2 Kf6 46. Rg4 Kf5 47. Rc4 Rd6 48. Ke3 g5 49. a5 h5 50. b4 cxb4 51. Rxb4 g4 52. Rb5+ Kg6 53. axb6 Rxb6 54. Ra5 Rb2 55. Kf4 Rf2+ 56. Kg3 Rf3+ 57. Kg2 Rxd3 58. Rxa7 Kg5 59. Ra2 h4 60. Rf2 Rd1 61. Rf1 Rxf1 62. Kxf1 Kf4 63. Kf2 Ke4 64. Kg2 Ke3 65. Kf1 Kf3 66. Kg1 Ke2 67. Kg2 Kd3 68. Kg1 Kd4 69. Kg2 Ke4 70. Kf2 Kd3 71. Kg2 Ke3 72. Kf1 Kf3 73. Kg1 g3 74. hxg3 hxg3 75. Kf1 Kf4 76. Kg2 Kg4 1/2-1/2

[Event "Bad Woerishofen Seniors op 30th"]
[Site "Bad Woerishofen"]
[Date "2014.03.22"]
[Round "2"]
[White "Young, Melvyn Jack"]
[Black "Minz, Michail"]
[Result "0-1"]
[WhiteElo "1917"]
[BlackElo "2108"]
[PlyCount "64"]
[EventDate "2014.03.21"]
[EventType "swiss"]
[EventRounds "9"]
[EventCountry "GER"]
[SourceTitle "EXT 2019"]
[Source "ChessBase"]
[SourceDate "2018.10.10"]
[SourceVersion "1"]
[SourceVersionDate "2018.10.10"]
[SourceQuality "1"]

1. e4 e6 2. Nf3 d5 3. Nc3 Nf6 4. e5 Nfd7 5. d4 a6 6. Bd3 Be7 7. Qe2 c5 8. dxc5 Nxc5 9. 0-0 Nc6 10. a3 Bd7 11. Bf4 Rc8 12. Rfe1 h6 13. b4 Nxd3 14. Qxd3 Qc7 15. Nxd5 exd5 16. e6 Qxf4 17. exd7+ Kxd7 18. Qxd5+ Kc7 19. b5 Rhd8 20. Qb3 axb5 21. Qxb5 Rd7 22. Rab1 Kd8 23. Qb6+ Ke8 24. Rb3 Kf8 25. Rbe3 Bf6 26. Re4 Qd6 27. g3 g6 28. Qe3 Kg7 29. c4 Re7 30. Rxe7 Nxe7 31. Qb3 Rc7 32. Rd1 Qc5 0-1

[Event "Bad Woerishofen Seniors op 30th"]
[Site "Bad Woerishofen"]
[Date "2014.03.21"]
[Round "1"]
[White "Minz, Michail"]
[Black "Blosze, Winfried"]
[Result "1-0"]
[WhiteElo "2108"]
[BlackElo "1857"]
[PlyCount "79"]
[EventDate "2014.03.21"]
[EventType "swiss"]
[EventRounds "9"]
[EventCountry "GER"]
[SourceTitle "EXT 2019"]
[Source "ChessBase"]
[SourceDate "2018.10.10"]
[SourceVersion "1"]
[SourceVersionDate "2018.10.10"]
[SourceQuality "1"]

1. e4 e5 2. Nc3 Nf6 3. Bc4 Bc5 4. Nf3 d6 5. d3 Bg4 6. Na4 Nbd7 7. Nxc5 Nxc5 8. Be3 Ncd7 9. h3 Be6 10. Bxe6 fxe6 11. c3 b6 12. Qb3 Qe7 13. Ng5 d5 14. h4 h6 15. 0-0-0 0-0-0 16. Nf3 dxe4 17. dxe4 Nxe4 18. Qa4 Nd6 19. Qxa7 Qf6 20. Qa6+ Kb8 21. a4 Nf5 22. a5 Nxe3 23. axb6 Nxb6 24. fxe3 Rd5 25. c4 Rc5 26. b3 Rd8 27. Rxd8+ Qxd8 28. Rd1 Qf6 29. Rd2 g5 30. hxg5 hxg5 31. Rc2 e4 32. Nd4 e5 33. Nb5 Qf1+ 34. Kb2 Qd3 35. Qa7+ Kc8 36. Rf2 Qxe3 37. Rf8+ Kd7 38. Rf7+ Ke6 39. Nxc7+ Rxc7 40. Rxc7 1-0

[Event "Rheinland Pfalz op 5th"]
[Site "Worms"]
[Date "2013.05.31"]
[Round "4"]
[White "Wilhelm, Till"]
[Black "Minz, Michail"]
[Result "1-0"]
[WhiteElo "1872"]
[BlackElo "2092"]
[PlyCount "126"]
[EventDate "2013.05.30"]
[EventType "swiss"]
[EventRounds "7"]
[EventCountry "GER"]
[SourceTitle "EXT 2014"]
[Source "ChessBase"]
[SourceDate "2013.11.20"]
[SourceVersion "1"]
[SourceVersionDate "2013.11.20"]
[SourceQuality "1"]

1. d4 d5 2. c4 c6 3. Nc3 Nf6 4. Nf3 a6 5. e3 b5 6. c5 Bg4 7. h3 Bxf3 8. Qxf3 Nbd7 9. Bd3 e5 10. Bc2 e4 11. Qe2 g6 12. 0-0 Bg7 13. a3 0-0 14. f3 Nh5 15. Qe1 exf3 16. Rxf3 f5 17. Ne2 Ndf6 18. Ng3 Nxg3 19. Qxg3 Ne4 20. Bxe4 dxe4 21. Rf1 Qd5 22. Bd2 a5 23. Rac1 a4 24. Qd6 Rad8 25. Qxd5+ Rxd5 26. g3 Kf7 27. Kf2 Ke6 28. Ke2 Rd7 29. h4 Bf6 30. Rf2 Rdf7 31. Ba5 Bd8 32. Bxd8 Rxd8 33. Kd2 Rdd7 34. Kc3 h6 35. Rcf1 Rf8 36. Kb4 Rdf7 37. Kc3 Rg8 38. Kb4 g5 39. h5 Rgf8 40. Kc3 Kd5 41. Rg1 Rf6 42. Rgf1 Ke6 43. Kd2 R6f7 44. Kc3 Kd5 45. Rg1 Rf6 46. Rff1 Re8 47. Rg2 f4 48. gxf4 gxf4 49. Rxf4 Rxf4 50. exf4 e3 51. Kd3 e2 52. Rxe2 Rxe2 53. Kxe2 Kxd4 54. Kf3 Kxc5 55. Ke4 Kd6 56. Kf5 Ke7 57. Ke5 Kf7 58. Kd6 Kf6 59. Kxc6 Kf5 60. Kxb5 Kxf4 61. Kxa4 Kg5 62. b4 Kxh5 63. b5 Kg4 1-0

[Event "Rheinland Pfalz op 5th"]
[Site "Worms"]
[Date "2013.05.30"]
[Round "2"]
[White "Schaedlich, Helmut"]
[Black "Minz, Michail"]
[Result "0-1"]
[WhiteElo "1854"]
[BlackElo "2092"]
[PlyCount "84"]
[EventDate "2013.05.30"]
[EventType "swiss"]
[EventRounds "7"]
[EventCountry "GER"]
[SourceTitle "EXT 2014"]
[Source "ChessBase"]
[SourceDate "2013.11.20"]
[SourceVersion "1"]
[SourceVersionDate "2013.11.20"]
[SourceQuality "1"]

1. c4 Nf6 2. g3 c6 3. Bg2 d5 4. Qc2 g6 5. d4 Bg7 6. cxd5 cxd5 7. Nc3 Nc6 8. Nf3 0-0 9. a3 Bf5 10. Qd1 Ne4 11. e3 Nxc3 12. bxc3 Be4 13. 0-0 Rc8 14. Nh4 Bxg2 15. Nxg2 Na5 16. Bd2 Nc4 17. Qe2 f5 18. Nf4 Qd6 19. Ra2 e5 20. Nd3 e4 21. Nb2 Rf7 22. Nxc4 Rxc4 23. Rfa1 b6 24. a4 Bf6 25. h4 Bd8 26. Kg2 Qd7 27. Qd1 h6 28. Qb3 a6 29. Rh1 Rg7 30. Qd1 Bc7 31. Ra1 Qe8 32. Ra2 Rc6 33. Ra1 Qf7 34. Qf1 Rc4 35. Qd1 Kf8 36. Ra2 Ke8 37. h5 g5 38. Ra1 Qd7 39. Kh3 f4+ 40. g4 fxe3 41. fxe3 Rf7 42. Kg2 Rf3 0-1

[Event "Wiesbaden op 24th"]
[Site "Wiesbaden"]
[Date "2012.08.25"]
[Round "5"]
[White "Minz, Michail"]
[Black "Gawehns, Klaus"]
[Result "0-1"]
[WhiteElo "2096"]
[BlackElo "2378"]
[PlyCount "84"]
[EventDate "2012.08.23"]
[EventType "swiss"]
[EventRounds "7"]
[EventCountry "GER"]
[SourceTitle "CBM 150 Extra"]
[Source "ChessBase"]
[SourceDate "2012.10.19"]
[SourceVersion "1"]
[SourceVersionDate "2012.10.19"]
[SourceQuality "1"]

1. e4 e6 2. d4 d5 3. exd5 exd5 4. Bd3 Bd6 5. Ne2 Qh4 6. g3 Qh5 7. Nf4 Qxd1+ 8. Kxd1 Bg4+ 9. Be2 Bxe2+ 10. Kxe2 Ne7 11. Nd3 Nd7 12. b3 Nf5 13. c3 0-0-0 14. Re1 Rde8+ 15. Kf1 Rxe1+ 16. Kxe1 h5 17. Bf4 Be7 18. Kf1 g5 19. Bc1 h4 20. g4 Nd6 21. Ne5 Re8 22. Nxd7 Kxd7 23. f3 f5 24. Nd2 Bf6 25. Ba3 Nb5 26. Bb2 c5 27. dxc5 Bxc3 28. Bxc3 Nxc3 29. Re1 Rxe1+ 30. Kxe1 f4 31. a4 a5 32. Nf1 Kc6 33. Kd2 Na2 34. Kd3 Kxc5 35. Nd2 Nb4+ 36. Kc3 Nc6 37. h3 Ne5 38. Kc2 Kd4 39. b4 axb4 40. Nb3+ Ke3 41. Nc5 b6 42. Ne6 Nxf3 0-1

[Event "Rheinland Pfalz op 4th"]
[Site "Altenkirchen"]
[Date "2012.06.08"]
[Round "4"]
[White "Minz, Michail"]
[Black "Vishanji, Franz"]
[Result "1-0"]
[WhiteElo "2106"]
[BlackElo "1607"]
[PlyCount "65"]
[EventDate "2012.06.07"]
[EventType "swiss"]
[EventRounds "7"]
[EventCountry "GER"]
[SourceTitle "CBM 148 Extra"]
[Source "ChessBase"]
[SourceDate "2012.06.22"]
[SourceVersion "1"]
[SourceVersionDate "2012.06.22"]
[SourceQuality "1"]

1. e4 e5 2. Bc4 Nf6 3. d3 h6 4. Ne2 d6 5. Ng3 Nc6 6. a3 a6 7. 0-0 Be6 8. Nd2 b5 9. Bxe6 fxe6 10. f4 exf4 11. Rxf4 e5 12. Rf1 Qd7 13. h3 Be7 14. Nf3 d5 15. Be3 d4 16. Bd2 Bc5 17. b4 Bb6 18. Nh4 Ne7 19. Nh5 0-0-0 20. Nxf6 gxf6 21. Rxf6 Rdg8 22. Qf3 Kb7 23. Rf1 Rg7 24. Nf5 Rhg8 25. Nxg7 Rxg7 26. Bxh6 Rh7 27. Bg5 c5 28. Rf7 Rxf7 29. Qxf7 Bd8 30. Bxe7 Bxe7 31. Rf6 Kc7 32. Rxa6 Kb7 33. Re6 1-0

[Event "Bad Woerishofen Seniors op 28th"]
[Site "Bad Woerishofen"]
[Date "2012.03.10"]
[Round "9.51"]
[White "Minz, Michail"]
[Black "Fahnenschmidt, Gerhard"]
[Result "0-1"]
[WhiteElo "1963"]
[BlackElo "1873"]
[PlyCount "48"]
[EventDate "2012.03.02"]
[EventType "swiss"]
[EventRounds "9"]
[EventCountry "GER"]
[SourceTitle "EXT 2022"]
[Source "ChessBase"]
[SourceDate "2021.10.06"]
[SourceVersion "1"]
[SourceVersionDate "2021.10.06"]
[SourceQuality "1"]

1. e4 c5 2. Nc3 Nc6 3. g3 g6 4. Bg2 Bg7 5. d3 Nf6 6. Be3 d6 7. h3 e5 8. Qd2 Nd4 9. Nce2 d5 10. f3 0-0 11. Bg5 dxe4 12. fxe4 h6 13. Be3 Kh7 14. c3 Ne6 15. Nf3 Qc7 16. Qc2 b6 17. a4 Rd8 18. Rd1 Ba6 19. b3 Rd7 20. c4 Rad8 21. 0-0 Bb7 22. Bc1 Ne8 23. Nc3 Nd4 24. Qb2 Nd6 0-1

[Event "GER-ch Seniors 23rd"]
[Site "Halle"]
[Date "2011.08.07"]
[Round "3"]
[White "Minz, Michail"]
[Black "Burreh, Heinz"]
[Result "1/2-1/2"]
[WhiteElo "2107"]
[BlackElo "1932"]
[PlyCount "89"]
[EventDate "2011.08.05"]
[EventType "swiss"]
[EventRounds "9"]
[EventCountry "GER"]
[SourceTitle "CBM 144 Extra"]
[Source "ChessBase"]
[SourceDate "2011.10.28"]
[SourceVersion "1"]
[SourceVersionDate "2011.10.28"]
[SourceQuality "1"]

1. e4 e5 2. Nc3 Bc5 3. Nf3 Nc6 4. g3 d6 5. Bg2 Bg4 6. h3 Be6 7. 0-0 h6 8. Na4 Bb6 9. Nxb6 axb6 10. d4 exd4 11. Nxd4 Nxd4 12. Qxd4 Qf6 13. Be3 Qxd4 14. Bxd4 f6 15. a3 Ne7 16. f4 Nc6 17. Bc3 0-0 18. Kh2 Bc4 19. Rfe1 Rfe8 20. b3 Bf7 21. Bf1 Re7 22. Bd3 Rae8 23. b4 d5 24. b5 Nb8 25. e5 fxe5 26. Rxe5 Rxe5 27. Bxe5 c5 28. bxc6 Nxc6 29. Bc7 Ra8 30. Bxb6 Nb4 31. Bd4 Nxd3 32. cxd3 Bg6 33. Rb1 Bxd3 34. Rxb7 Rxa3 35. Rxg7+ Kf8 36. Rc7 Ra2+ 37. Kg1 h5 38. g4 hxg4 39. hxg4 Be4 40. g5 Rg2+ 41. Kf1 Rg4 42. Be5 d4 43. Rd7 d3 44. Kf2 Rg2+ 45. Ke1 1/2-1/2

[Event "GER-ch Seniors 23rd"]
[Site "Halle"]
[Date "2011.08.05"]
[Round "1"]
[White "Minz, Michail"]
[Black "Reeh, Axel"]
[Result "1-0"]
[WhiteElo "2107"]
[BlackElo "1857"]
[PlyCount "70"]
[EventDate "2011.08.05"]
[EventType "swiss"]
[EventRounds "9"]
[EventCountry "GER"]
[SourceTitle "CBM 144 Extra"]
[Source "ChessBase"]
[SourceDate "2011.10.28"]
[SourceVersion "1"]
[SourceVersionDate "2011.10.28"]
[SourceQuality "1"]

1. e4 c5 2. Nc3 Nc6 3. g3 g6 4. Bg2 Bg7 5. d3 Nf6 6. f4 d6 7. Nf3 a6 8. 0-0 0-0 9. Kh1 Bd7 10. Be3 Qc8 11. Qd2 b5 12. a3 Rb8 13. Rae1 b4 14. axb4 cxb4 15. Nd1 Bg4 16. Nf2 Bd7 17. d4 b3 18. d5 Nd8 19. c3 Bb5 20. Rg1 Ng4 21. Nxg4 Qxg4 22. Bd4 f6 23. Bf2 Qc8 24. Bf1 Nf7 25. Bxb5 Rxb5 26. Nd4 Rb8 27. Ne6 Re8 28. g4 Bh8 29. Bd4 Nd8 30. Nxd8 Qxd8 31. f5 Kf7 32. Qh6 Bg7 33. Qxh7 Rh8 34. Qxg6+ Kg8 35. g5 fxg5 1-0

[Event "Rheinhessen-ch MT"]
[Site "Pfeddersheim"]
[Date "2011.04.23"]
[Round "4"]
[White "Beck, Michael"]
[Black "Minz, Michail"]
[Result "1/2-1/2"]
[WhiteElo "1905"]
[BlackElo "1949"]
[PlyCount "90"]
[EventDate "2011.04.21"]
[EventType "swiss"]
[EventRounds "5"]
[EventCountry "GER"]
[SourceTitle "EXT 2012"]
[Source "ChessBase"]
[SourceDate "2011.11.24"]
[SourceVersion "1"]
[SourceVersionDate "2011.11.24"]
[SourceQuality "1"]

1. e4 e6 2. d3 d5 3. Nd2 f5 4. g3 Nh6 5. Bg2 Nf7 6. exf5 exf5 7. d4 c6 8. Ngf3 Bd6 9. Nb3 0-0 10. 0-0 Re8 11. Bd2 a5 12. a4 b6 13. c3 Ba6 14. Re1 Rxe1+ 15. Bxe1 Nd7 16. Nc1 Nf6 17. Nd3 Qc7 18. Bf1 Ne4 19. Bd2 Nxd2 20. Qxd2 Bxd3 21. Bxd3 g6 22. Re1 Qd7 23. Qe2 Kf8 24. Kf1 Re8 25. Qxe8+ Qxe8 26. Rxe8+ Kxe8 27. Ke2 Ke7 28. Nh4 Ng5 29. Nf3 Ne6 30. Ne5 Bxe5 31. dxe5 f4 32. Bc2 d4 33. Be4 dxc3 34. bxc3 Kd7 35. gxf4 Nxf4+ 36. Ke3 Ne6 37. c4 Nc5 38. Bc2 g5 39. Bxh7 Nxa4 40. Bf5+ Ke7 41. f4 gxf4+ 42. Kxf4 Nb2 43. h4 Nxc4 44. h5 Kf8 45. Be6 Nxe5 1/2-1/2